Ludność wszystkich państw Ameryki Południowej - Statystyki

Ogólne statystyki
  • Ten quiz został rozwiązany 148 razy
  • Średni wynik to 12 z 14
Statystyki odpowiedzi
Ludność Państwo % Poprawnych
213 445 417 Brazylia
100%
49 292 000 Kolumbia
94%
45 864 941 Argentyna
93%
33 036 196 Peru
91%
18 307 925 Chile
90%
3 360 148 Urugwaj
89%
31 431 000 Wenezuela
89%
11 722 000 Boliwia
87%
16 777 000 Ekwador
84%
6 943 739 Paragwaj
84%
770 000 Gujana
75%
597 927 Surinam
73%
232 223 Gujana Francuska
58%
1 218 208 Trynidad i Tobago
44%
Nie znaleziono quizów pasujących do podanych kryteriów
Rozkład punktacji
Procent ludzi z każdym wynikiem
Percentyl według liczby udzielonych odpowiedzi
Twoja historia wyników
Nie rozwiązałeś tego quizu